| 000 | 00565nam a2200121Ia 4500 | ||
|---|---|---|---|
| 008 | 171212s9999 xx 000 0 und d | ||
| 100 | _aPelkmans, Mathijs | ||
| 245 |
_cPelkmans, Mathijs _aFragile Conviction _bChanging Ideological Landscapes in Urban Kyrgyzstan |
||
| 260 |
_bCornell University Press _c2017 |
||
| 650 | _aHistory | ||
| 650 | _aIdeology -- Kyrgyzstan; Kyrgyzstan -- Intellectual life; Kyrgyzstan -- Religious life; Post-communism -- Kyrgyzstan; Kyrgyzstan -- Politics and government -- 1991– | ||
| 856 | _uhttp://jstor.org/stable/10.7591/j.ctt1n7qjmt | ||
| 999 |
_c351444 _d351444 |
||